Les chansons célèbres de Maurice Chevalier - Statistiques

Statistiques générales
  • Ce quiz a été pris 14 fois
  • Le résultat moyen est 17 sur 25
Statistiques - réponses
Titre Indice Mot manquant % Correct
***, je t'aime d'amour Capitale Paris
92%
Fleur de *** Lutèce Paris
92%
L'*** est passé près de vous Sentiment Amour
83%
Ca sent si *** la France Embaumer Bon
83%
Le *** de Zozo Couvre-chef Chapeau
83%
Ca s'est passé un *** Jour de repos Dimanche
83%
Y'a d'la *** Réjouissance Joie
83%
Ah si vous connaissiez ma *** Gallinacé Poule
83%
Dans la *** faut pas s'en faire Existence Vie
83%
La *** à Neu-Neu Réjouissances Fête
75%
Ca fait d'excellents *** Gaulois Français
75%
La chanson du *** Bâtisseur Maçon
75%
La symphonie des *** de bois Sous le soulier Semelles
75%
Paris sera *** Paris Sans relâche Toujours
75%
Il pleurait comme une *** Commercy Madeleine
67%
*** Pigalle Espace en ville Place
67%
Ma *** Api Pomme
67%
*** Yop la Boum Prénom Prosper
67%
Mon *** Paris Ancien Vieux
67%
La marche de *** Menilmuche Ménilmontant
58%
*** 14 février Valentine
58%
Quand un *** Aristocrate Vicomte
50%
Les *** Nobles félins Aristochats
33%
Notre *** Perspective Espoir
17%
La *** des Barbus Danse Polka
17%
Aucun quiz correspondant
Distribution des résultats
% des personnes avec chaque résultat
Percentile par nombre de réponses
Votre historique - résultats
Vous n’avez pas pris ce quiz